Survivor Name Ladder 8 - Statistics

General Stats
  • This quiz has been taken 56 times
  • The average score is 13 of 20
Answer Stats
Picture Answer % Correct
Zeke
98%
Elizabeth
83%
RC
83%
Scot
81%
Greg
79%
Chris
77%
Cliff
77%
Hunter
73%
Wardog
73%
Frank
67%
GC
67%
Rick
67%
Spencer
67%
Kel
65%
Matthew
63%
Tom
60%
Matt
56%
Kim
46%
Liz
38%
Travis
29%
No matching quizzes found
Score Distribution
Percent of People with Each Score
Percentile by Number Answered
Your Score History
You have not taken this quiz